| 000 | 00861cam a2200253 a 4500 | ||
|---|---|---|---|
| 003 | CO-ViMGA | ||
| 005 | 20230915225024.0 | ||
| 008 | 020523s2002 ck a jr 00011 spa d | ||
| 020 | _a9583009342 | ||
| 040 |
_aCO-ViMGA _bspa _cCO-ViMGA |
||
| 043 | _as-ck--- | ||
| 082 | 0 | 4 |
_aI863.6 _bR37r _219 ed. |
| 100 | 1 |
_aRestrepo Gómez, Alonso. _929 |
|
| 245 | 1 | 3 |
_aEl reino de los tucanes : _bcuentos de una hermosa y misteriosa selva / |
| 250 | _aEdición Mireya Fonseca Leal. | ||
| 260 |
_aBogotá : _bPanamericana Editorial, _c2002. |
||
| 300 |
_a43 p. : _bil. ; _c27 cm. |
||
| 650 | 1 | 4 |
_aCuentos juveniles colombianos. _930 |
| 650 | 1 | 4 |
_aNaturaleza _z Colombia _x Cuentos juveniles. _933 |
| 650 | 6 |
_aCuentos colombianos. _931 |
|
| 650 | 6 |
_aSelva _z Colombia _x Cuentos juveniles. _932 |
|
| 700 | 1 |
_aFonseca Leal, Raquel Mireya, _eed. _934 |
|
| 942 |
_2ddc _cBK |
||
| 999 |
_c12034 _d12034 |
||